Internationale Buchstabiertabelle - Statistiken

Allgemein
  • Dieses Quiz wurde 46 mal gespielt
  • Das Durchschnittsergebnis liegt bei 18 aus 26
Antwortstatistiken
Bezeichnung % Korrekt
D Delta
87%
C Charlie
83%
B Bravo
77%
F Foxtrott
77%
K Kilo
77%
T Tango
77%
Y Yankee
77%
Z Zulu
77%
I India
73%
L Lima
73%
W Whisky
73%
E Echo
70%
O Oscar
70%
U Uniform
70%
V Victor
70%
X X-Ray
70%
A Alfa
67%
H Hotel
67%
P Papa
67%
Q Quebec
67%
S Sierra
67%
G Golf
63%
R Romeo
60%
M Mike
57%
N November
57%
J Juliett
53%
Keine übereinstimmenden Quizze gefunden
Verteilung der Resultate
Anzahl Personen mit jedem Resultat
Perzentil nach korrekt beantworteten Fragen
Ihre Resultats-Entwicklung
Sie haben dieses Quiz noch nicht gespielt